|
|
|
|
| LEADER |
00000cam a2200000 a 4500 |
| 001 |
vtls001291720 |
| 003 |
SK-MaSNL |
| 005 |
20260301004618.0 |
| 008 |
251113s1976 xr 00100bcze |
| 035 |
|
|
|a SNK000243403
|
| 040 |
|
|
|a SNK
|b slo
|c SNK
|e AACR2
|
| 041 |
1 |
|
|a cze
|h rus
|
| 044 |
|
|
|a xr
|c CZ
|
| 100 |
1 |
|
|a Bezymenskij, Lev Aleksandrovič,
|d 1920-2007
|4 aut
|9 206152
|
| 245 |
1 |
|
|a Poslední deník Martina Bormanna
|c Lev Bezymenskij
|
| 260 |
|
|
|a Praha
|b Pressfoto
|c 1976
|
| 300 |
|
|
|a 356 s., [32] s. obr. príl.
|b ilustr., faks.
|c 22 cm
|
| 490 |
1 |
|
|a Odpovědi
|
| 500 |
|
|
|a Preložené z ruštiny
|
| 504 |
|
|
|a Obsahuje menný register
|
| 600 |
1 |
7 |
|a Bormann, Martin,
|d 1900-1945
|2 SNKMA
|9 183425
|
| 648 |
|
7 |
|a 1945
|2 SNKPH
|9 287702
|
| 650 |
0 |
7 |
|a druhá svetová vojna (1939-1945)
|2 SNKPH
|9 169657
|
| 650 |
0 |
7 |
|a vojnoví zločinci
|2 SNKPH
|9 4461
|
| 651 |
|
7 |
|a Nemecko
|2 SNKPHgeo
|9 21020
|
| 655 |
|
7 |
|a denníky
|2 SNKPH
|9 70534
|
| 830 |
|
0 |
|a Odpovědi
|9 287703
|
| 958 |
|
|
|a OND
|
| 999 |
|
|
|c 542608
|d 544538
|
| 952 |
|
|
|t P60, <04>, [BOOK], {604}
|a SNK
|b SNK
|y VYP
|7 0
|o snkIC 71015
|i snkKIP 11213/77
|0 0
|1 0
|4 0
|d 1997-06-23
|l 0
|r 2005-01-02 00:00:00
|w 2026-02-23
|
| 952 |
|
|
|t P60, <04>, [BOOK], {604}
|a SNK
|b SNK
|y VYP
|7 0
|o snkIC 71015 D1
|i snkKIP 11214/77
|0 0
|1 0
|4 0
|d 1997-06-23
|l 0
|r 2005-01-02 00:00:00
|w 2026-02-23
|